000 00840nam a22002055i 4500
001 158801
003 ES-MaACL
005 20250919150506.0
008 040907m18731878gw |||| | ger d
040 _aCAM
_bspa
_cCAM
100 1 _aMarquardt, Joachim.
_9129529
245 1 0 _aRömische Staatsverwaltung /
_cvon Joachim Marquardt.
260 _aLeipzig :
_bVerlag von S. Herzel,
_c1873-1878 (
_fDruck von Breitkopf und Härtel)
300 _a3 v. ;
_c23 cm.
490 1 _aHandbuch der Rómischen Alterthümer /von Joachim Marquardt und Theodor Mommsen
597 _aT. I: 1873 (XIV, 523 p.) -- T. II: 1876 (XIV, 591 p.) -- T.III: 1878 XII (594 p.)
830 0 _aHandbuch der Rómischen Alterthümer /von Joachim Marquardt und Theodor Mommsen
_9221890
852 _aES-MaACL
_jG-2919-2921
_z-- Enc. hol.
999 _c158801
_d158801